GST Acts with Rules/Forms & Notifications/ (Record no. 207848)

MARC details
000 -LEADER
fixed length control field 00593nam a22001817a 4500
005 - DATE AND TIME OF LATEST TRANSACTION
control field 20241220105742.0
010 ## - LCCN (DPL NO)
LC control number ENG-143122
020 ## - INTERNATIONAL STANDARD BOOK NUMBER
Terms of availability 1995.00
International Standard Book Number 9789356223387
035 ## - SYSTEM CONTROL NUMBER
System control number EN-126654
037 ## - SOURCE OF ACQUISITION
Source of stock number/acquisition DBAD/PUB
082 ## - DEWEY DECIMAL CLASSIFICATION NUMBER
Classification number 343.93055
245 ## - TITLE STATEMENT
Title GST Acts with Rules/Forms & Notifications/
Statement of responsibility, etc edited by Taxmann
250 ## - EDITION STATEMENT
Edition statement 12th
260 ## - PUBLICATION, DISTRIBUTION, ETC. (IMPRINT)
Place of publication, distribution, etc New Delhi
Name of publisher, distributor, etc Taxmann Publications (P.) Ltd.
Date of publication, distribution, etc August 2022
270 ## - ADDRESS
City New Delhi
Address 59/32, New Rohtak Road,
Postal code 110005
Telephone number 911145562222
Electronic mail address sales@taxmann.com
300 ## - PHYSICAL DESCRIPTION
Extent 1356, xix p.
Dimensions 24cm(pbk)
942 ## - ADDED ENTRY ELEMENTS (KOHA)
Source of classification or shelving scheme Dewey Decimal Classification
Item type English Books
Classification part 343.93055
Call number suffix GST
Holdings
Withdrawn status Lost status Not for loan Collection code Home library Current library Date acquired Source of acquisition Cost, normal purchase price Full call number Barcode Copy number Cost, replacement price Koha item type
      Non-fiction Central Library Central Library 20/12/2024 DBAD 1995.00 343.93055 GST EN-126654 1 1995.00 English Books

© Delhi Public Library
Hit Counter
free hit counter